[Event "ODJM A 2016"]
[Site "Willingen GER"]
[Date "2016.05.16"]
[Round "3"]
[White "Behringer, Tom"]
[Black "Hinrichs, Niklas"]
[Result "0-1"]
[Termination "normal"]
[Board "23"]
[WhiteElo "1774"]
[BlackElo "1894"]
[PlyCount "194"]
[WhiteFideId "16203496"]
[BlackFideId "12942499"]
[EventCountry "GER"]
[EventRounds "9"]
[EventType "swiss"]
[EventDate "2016.05.14"]

1. d4 d5 2. c4 c6 3. Nc3 Nf6 4. Nf3 e6 5. Bg5 h6 6. Bh4 g5 7. Bg3 dxc4 8. a4
Bb4 9. e3 b5 10. axb5 cxb5 11. Bxb8 Rxb8 12. Rxa7 Qb6 13. Ra1 Bb7 14. Be2 O-O
15. O-O Rfc8 16. Ne5 Bd6 17. f4 gxf4 18. exf4 Rd8 19. Bh5 Bxe5 20. fxe5 Rxd4
21. Bxf7+ Kh8 22. Qe1 Rg4+ 23. Rf2 Rxg2+ 24. Kf1 Rxf2+ 25. Qxf2 Qxf2+ 26. Kxf2
Ng4+ 27. Kg3 Nxe5 28. Bxe6 b4 29. Nd1 Re8 30. Bh3 Rg8+ 31. Kf2 Rf8+ 32. Ke2 Nd3
33. Bg4 h5 34. Bxh5 Nf4+ 35. Ke3 Nxh5 36. Kd4 Rf4+ 37. Kc5 Rf1 38. Kxc4 Bf3 39.
Kxb4 Rxd1 40. Rxd1 Bxd1 41. Kc5 Nf4 42. b4 Ne6+ 43. Kd6 Nd4 44. Kc5 Nb3+ 45.
Kc4 Kg7 46. b5 Na5+ 47. Kc5 Nb7+ 48. Kc6 Bf3+ 49. Kc7 Kg6 50. Kd7 Kh5 51. Ke6
Kh4 52. Ke5 Kh3 53. Kf4 Bh1 54. Ke5 Kxh2 55. Kd4 Kg3 56. Ke5 Kf3 57. Kd4 Kf4
58. Kc4 Ke5 59. Kd3 Kd6 60. Kd4 Kc7 61. Ke5 Kb6 62. Kd4 Nc5 63. Ke5 Bg2 64. Kd4
Nd7 65. Kc4 Bf3 66. Kb4 Bd5 67. Kc3 Kxb5 68. Kd4 Kc6 69. Kd3 Nf8 70. Kd4 Ng6
71. Kd3 Kc5 72. Kc3 Ne5 73. Kc2 Be4+ 74. Kc3 Nf3 75. Kb3 Kd4 76. Kb2 Kc4 77.
Ka2 Kc3 78. Ka1 Nd4 79. Ka2 Nb3 80. Ka3 Bb1 81. Ka4 Nd4 82. Ka5 Kc4 83. Kb6 Nb5
84. Kc6 Bf5 85. Kb6 Bd7 86. Ka5 Kc5 87. Ka4 Be6 88. Ka5 Bb3 89. Ka6 Nd6 90. Ka5
Nb7+ 91. Ka6 Kc6 92. Ka7 Kc7 93. Ka6 Bc4+ 94. Ka7 Nd6 95. Ka8 Bd3 96. Ka7 Nc8+
97. Ka8 Be4# 0-1

[Event "ODJM A 2016"]
[Site "Willingen GER"]
[Date "2016.05.16"]
[Round "3"]
[White "Greßmann, Hanna"]
[Black "Bosselmann, Tom Linus"]
[Result "1/2-1/2"]
[Termination "normal"]
[Board "24"]
[WhiteElo "1781"]
[BlackElo "1830"]
[PlyCount "100"]
[WhiteFideId "12930709"]
[BlackFideId "12983845"]
[EventCountry "GER"]
[EventRounds "9"]
[EventType "swiss"]
[EventDate "2016.05.14"]

1. e4 e5 2. Nf3 Nc6 3. Bc4 Nf6 4. d3 Be7 5. c3 d6 6. O-O O-O 7. Re1 Na5 8. Bb5
a6 9. Ba4 b5 10. Bc2 Re8 11. Nbd2 c5 12. Nf1 Bf8 13. Ng3 g6 14. Bg5 h6 15. Bd2
Be6 16. d4 exd4 17. cxd4 Nc4 18. Qc1 Kh7 19. e5 dxe5 20. dxe5 Nd5 21. Ne4 Bg4
22. b3 Nxe5 23. Neg5+ hxg5 24. Nxe5 Be6 25. Bxg5 Qc7 26. Qd1 Bg7 27. Nxg6 fxg6
28. Qh5+ Kg8 29. Bxg6 Bf7 30. Qh7+ Kf8 31. Bh6 Rxe1+ 32. Rxe1 Bg8 33. Qh8 Bxh6
34. Qxh6+ Qg7 35. Qh5 c4 36. bxc4 bxc4 37. Be4 Rd8 38. Qf3+ Bf7 39. Rd1 c3 40.
Rxd5 Rxd5 41. Bxd5 c2 42. Qa3+ Kg8 43. Bxf7+ Qxf7 44. Qg3+ Qg7 45. Qb3+ Kf8 46.
Qb8+ Ke7 47. Qc7+ Ke6 48. Qc6+ Kf7 49. Qc4+ Kf8 50. Qc8+ Ke7 1/2-1/2

[Event "ODJM A 2016"]
[Site "Willingen GER"]
[Date "2016.05.16"]
[Round "3"]
[White "Wachinger, David"]
[Black "Askri, Samir"]
[Result "1-0"]
[Termination "normal"]
[Board "25"]
[WhiteElo "1944"]
[BlackElo "1867"]
[PlyCount "45"]
[WhiteFideId "24692689"]
[BlackFideId "12924938"]
[EventCountry "GER"]
[EventRounds "9"]
[EventType "swiss"]
[EventDate "2016.05.14"]

1. e4 e6 2. d4 d5 3. Nc3 Bb4 4. e5 b6 5. a3 Bf8 6. Nf3 c5 7. Bg5 f6 8. exf6
gxf6 9. Ne5 Ke7 10. Bh4 Bg7 11. Bb5 Bb7 12. Qh5 Qf8 13. dxc5 bxc5 14. O-O-O Nh6
15. Rhe1 Nf5 16. Nxd5+ Bxd5 17. Rxd5 Nxh4 18. Qxh4 Bh6+ 19. Kb1 Bg5 20. Qg4 h5
21. Nc6+ Kf7 22. Qxe6+ Kg7 23. Rd8 1-0

[Event "ODJM A 2016"]
[Site "Willingen GER"]
[Date "2016.05.16"]
[Round "3"]
[White "Borchert, Louis"]
[Black "Gorainow, Nikita"]
[Result "1-0"]
[Termination "normal"]
[Board "26"]
[WhiteElo "1774"]
[BlackElo "1779"]
[PlyCount "143"]
[WhiteFideId "12990680"]
[BlackFideId "12970093"]
[EventCountry "GER"]
[EventRounds "9"]
[EventType "swiss"]
[EventDate "2016.05.14"]

1. e4 b6 2. d4 Bb7 3. Bd3 e6 4. Nf3 c5 5. c3 Nf6 6. Qe2 Be7 7. O-O d5 8. e5 Ne4
9. Nbd2 Nxd2 10. Nxd2 Nc6 11. Qg4 g6 12. Nf3 Qd7 13. Ng5 Bf8 14. Re1 c4 15. Bc2
Bg7 16. Ba4 h6 17. Nh3 a6 18. Nf4 O-O-O 19. Bxc6 Bxc6 20. b3 Qe7 21. Ne2 h5 22.
Qg3 Bh6 23. Bxh6 Rxh6 24. h4 Rg8 25. f4 Rhh8 26. Kf2 Kc7 27. Rh1 Kb7 28. Qf3
Rh7 29. g3 Qa3 30. Rhb1 Kc7 31. Ng1 Rhh8 32. Nh3 Rb8 33. Qe2 b5 34. Qc2 Kd7 35.
Ng5 Ke7 36. Nf3 Qa5 37. Nd2 Qc7 38. Nf1 Kd7 39. Ne3 Ke7 40. Rh1 a5 41. Rh2 a4
42. Rhh1 Kd7 43. Ke2 Ke7 44. Rab1 Kd7 45. Rb2 axb3 46. axb3 Ra8 47. Ra2 Rxa2
48. Qxa2 Ra8 49. Qb2 cxb3 50. Qxb3 Qa5 51. Rb1 Qa2+ 52. Qc2 Kc7 53. Kd2 Kb6 54.
Rb2 Qa4 55. Qxa4 Rxa4 56. Nc2 Rc4 57. Nb4 Bb7 58. Ra2 Rc8 59. Kc2 Rc4 60. Kb3
Rc8 61. Nc2 Ba6 62. Ne3 Rh8 63. Ra1 Bb7 64. Rh1 Bc6 65. g4 Be8 66. f5 gxf5 67.
gxf5 Rg8 68. f6 Rg3 69. Nf1 Rg4 70. Rh3 Kc7 71. Ng3 Kd8 72. Nxh5 1-0

[Event "ODJM A 2016"]
[Site "Willingen GER"]
[Date "2016.05.16"]
[Round "3"]
[White "Wachinger, Nikolas"]
[Black "Dette, Jan"]
[Result "0-1"]
[Termination "normal"]
[Board "27"]
[WhiteElo "1542"]
[BlackElo "2023"]
[PlyCount "68"]
[WhiteFideId "12962791"]
[BlackFideId "12936677"]
[EventCountry "GER"]
[EventRounds "9"]
[EventType "swiss"]
[EventDate "2016.05.14"]

1. e4 Nc6 2. Nf3 f5 3. exf5 d5 4. Bb5 Bxf5 5. Ne5 Qd6 6. d4 Nf6 7. O-O Nd7 8.
Nxd7 Qxd7 9. Bf4 e6 10. c3 Bd6 11. Bxd6 cxd6 12. Re1 O-O 13. Nd2 Rae8 14. Nf3
Bg4 15. Be2 Qf7 16. h3 Bh5 17. Qd2 e5 18. Rf1 h6 19. Rad1 e4 20. Ne1 Bxe2 21.
Qxe2 Nd8 22. g3 Ne6 23. h4 g5 24. Ng2 gxh4 25. Qg4+ Kh7 26. Nxh4 Ng5 27. a4 Re6
28. Kg2 Rf6 29. Qe2 Nf3 30. c4 Qh5 31. Kh1 Qg4 32. Nxf3 exf3 33. Qd3+ Kh8 34.
Kh2 Qh5+ 0-1

[Event "ODJM A 2016"]
[Site "Willingen GER"]
[Date "2016.05.16"]
[Round "3"]
[White "Stemmler, Fabian"]
[Black "Wissing, Philipp"]
[Result "1-0"]
[Termination "normal"]
[Board "28"]
[WhiteElo "1935"]
[BlackElo "1583"]
[PlyCount "47"]
[WhiteFideId "12964808"]
[BlackFideId "12993654"]
[EventCountry "GER"]
[EventRounds "9"]
[EventType "swiss"]
[EventDate "2016.05.14"]

1. Nf3 g6 2. e4 c5 3. c4 Bg7 4. d4 cxd4 5. Nxd4 Nc6 6. Be3 d6 7. Nc3 Nf6 8. Be2
O-O 9. O-O Nxd4 10. Bxd4 Be6 11. Rc1 Nd7 12. Bxg7 Kxg7 13. f4 f5 14. Qd4+ Kg8
15. exf5 Bxf5 16. g4 Be6 17. f5 gxf5 18. gxf5 Rxf5 19. Qg4+ Kh8 20. Rxf5 Qg8
21. Kh1 Bxf5 22. Qxf5 e6 23. Qf3 Ne5 24. Qf6+ 1-0

[Event "ODJM A 2016"]
[Site "Willingen GER"]
[Date "2016.05.16"]
[Round "3"]
[White "Reucker, Friedrich"]
[Black "Niesel, Tobias"]
[Result "1/2-1/2"]
[Termination "normal"]
[Board "29"]
[WhiteElo "1776"]
[BlackElo "1973"]
[PlyCount "39"]
[WhiteFideId "12993670"]
[BlackFideId "12962155"]
[EventCountry "GER"]
[EventRounds "9"]
[EventType "swiss"]
[EventDate "2016.05.14"]

1. c4 g6 2. g3 Bg7 3. Bg2 d6 4. Nc3 e5 5. d3 f5 6. Nf3 Nf6 7. O-O O-O 8. Rb1 c6
9. b4 Qe7 10. Qb3 h6 11. Nd2 Nbd7 12. a4 Rb8 13. e3 Nh5 14. Qc2 g5 15. b5 cxb5
16. Nd5 Qd8 17. axb5 f4 18. Ba3 Nc5 19. Bxc5 dxc5 20. Ne4 1/2-1/2

[Event "ODJM A 2016"]
[Site "Willingen GER"]
[Date "2016.05.16"]
[Round "3"]
[White "Dietz, Florian"]
[Black "Heldt, Nils-Lennart"]
[Result "1-0"]
[Termination "normal"]
[Board "30"]
[WhiteElo "1803"]
[BlackElo "1994"]
[PlyCount "35"]
[WhiteFideId "12939897"]
[BlackFideId "12952109"]
[EventCountry "GER"]
[EventRounds "9"]
[EventType "swiss"]
[EventDate "2016.05.14"]

1. e4 e5 2. f4 Bc5 3. Nf3 d6 4. Nc3 Nc6 5. Bc4 Nf6 6. d3 a6 7. fxe5 dxe5 8. Bg5
h6 9. Bh4 g5 10. Bg3 Ng4 11. Bb3 Qf6 12. Nd5 Qd6 13. d4 Nxd4 14. Nxd4 Bxd4 15.
Qxd4 c6 16. Qb6 Qg6 17. Nc7+ Kf8 18. Qb4+ 1-0

[Event "ODJM A 2016"]
[Site "Willingen GER"]
[Date "2016.05.16"]
[Round "3"]
[White "Fistoul, Boris"]
[Black "Adelmeyer, Matti"]
[Result "1-0"]
[Termination "normal"]
[Board "31"]
[WhiteElo "1876"]
[BlackElo "1677"]
[PlyCount "83"]
[WhiteFideId "12953962"]
[BlackFideId "12962520"]
[EventCountry "GER"]
[EventRounds "9"]
[EventType "swiss"]
[EventDate "2016.05.14"]

1. d4 d5 2. c4 e6 3. Nc3 Nf6 4. Bg5 Be7 5. cxd5 exd5 6. Qc2 Nc6 7. e3 O-O 8. a3
h6 9. Bh4 a6 10. Bd3 Re8 11. Nge2 Be6 12. O-O Qd7 13. f3 b5 14. b4 Red8 15. Bf2
Bxb4 16. axb4 Nxb4 17. Qb1 Nxd3 18. Qxd3 b4 19. Na4 Bf5 20. Qd1 Qb5 21. Nc5 Nd7
22. Ng3 Bg6 23. Nxd7 Qxd7 24. Qb3 a5 25. Rfc1 Rdb8 26. Ra4 Bd3 27. Rca1 Qb5 28.
Be1 Bc4 29. Qb2 Ra7 30. Rxb4 axb4 31. Rxa7 Qb6 32. Ra4 b3 33. Nh1 c5 34. Bc3
cxd4 35. Bxd4 Qb5 36. Ra1 g6 37. Bh8 Kf8 38. Bg7+ Ke8 39. Ra7 Rb7 40. Ra8+ Kd7
41. Qe5 Qb6 42. Qe8+ 1-0

[Event "ODJM A 2016"]
[Site "Willingen GER"]
[Date "2016.05.16"]
[Round "3"]
[White "Leser, Stefan"]
[Black "Acikel, Mert"]
[Result "0-1"]
[Termination "normal"]
[Board "32"]
[WhiteElo "1708"]
[BlackElo "1883"]
[PlyCount "108"]
[WhiteFideId "12997706"]
[BlackFideId "12956465"]
[EventCountry "GER"]
[EventRounds "9"]
[EventType "swiss"]
[EventDate "2016.05.14"]

1. e4 e5 2. Nf3 Nc6 3. d4 exd4 4. Nxd4 Nxd4 5. Qxd4 d6 6. Nc3 Nf6 7. Bg5 Be7 8.
O-O-O O-O 9. f3 Be6 10. g4 c5 11. Qd2 Qa5 12. Kb1 Kh8 13. Be2 b5 14. Bxf6 Bxf6
15. Nd5 Qxd2 16. Rxd2 Bg5 17. Rdd1 b4 18. Nc7 Rad8 19. Nd5 Bxd5 20. Rxd5 Bf4
21. h4 a5 22. Bc4 f6 23. Rhd1 Be5 24. Rf1 Bf4 25. Rfd1 g6 26. h5 Be5 27. Rh1
Kg7 28. Rdd1 a4 29. Rd3 Rb8 30. Rg1 a3 31. b3 Kh6 32. Rh1 Kg5 33. Kc1 f5 34.
Be6 fxe4 35. fxe4 Rf4 36. hxg6 hxg6 37. Re3 Re8 38. Bd7 Re7 39. Bc8 Rxe4 40.
Rxe4 Bb2+ 41. Kd2 Rxe4 42. Rh2 Bc3+ 43. Kd3 Rd4+ 44. Ke3 Rd1 45. Rh7 Ra1 46.
Rd7 Be5 47. Rd8 Rxa2 48. Rg8 Rxc2 49. Bf5 Rc3+ 50. Ke4 a2 51. Rxg6+ Kh4 52.
Rh6+ Kg3 53. g5 a1=Q 54. Rh3+ Kg2 0-1

[Event "ODJM A 2016"]
[Site "Willingen GER"]
[Date "2016.05.16"]
[Round "3"]
[White "Hofmann, Marko"]
[Black "Lohrmann, Tabea"]
[Result "1/2-1/2"]
[Termination "normal"]
[Board "33"]
[WhiteElo "1812"]
[BlackElo "1649"]
[PlyCount "75"]
[WhiteFideId "12935875"]
[BlackFideId "12911941"]
[EventCountry "GER"]
[EventRounds "9"]
[EventType "swiss"]
[EventDate "2016.05.14"]

1. e4 e5 2. Nf3 Nc6 3. d4 exd4 4. Nxd4 Bc5 5. Be3 Bb6 6. c3 Nf6 7. Bd3 d5 8.
Nd2 Nxd4 9. cxd4 dxe4 10. Nxe4 O-O 11. Nxf6+ Qxf6 12. Qd2 Bf5 13. Bxf5 Qxf5 14.
O-O Rad8 15. Qc3 Rfe8 16. a4 c6 17. a5 Bc7 18. a6 Qb5 19. axb7 Qxb7 20. d5 Rxd5
21. Rxa7 Qb8 22. Qxc6 Bxh2+ 23. Kh1 Rd6 24. Qb7 Qxb7 25. Rxb7 Be5 26. Ra1 Rdd8
27. Rb1 Rb8 28. Rxb8 Rxb8 29. b4 Bc7 30. Rc1 Bd6 31. Bc5 Bxc5 32. Rxc5 Kf8 33.
b5 Ke7 34. g3 Kd6 35. Rc6+ Kd7 36. Rc5 Kd6 37. Rc6+ Kd7 38. Rc5 1/2-1/2

[Event "ODJM A 2016"]
[Site "Willingen GER"]
[Date "2016.05.16"]
[Round "3"]
[White "Roos, Elias"]
[Black "Wagner, Swenja"]
[Result "0-1"]
[Termination "normal"]
[Board "34"]
[WhiteElo "1722"]
[BlackElo "1673"]
[PlyCount "48"]
[WhiteFideId "12953415"]
[BlackFideId "12900494"]
[EventCountry "GER"]
[EventRounds "9"]
[EventType "swiss"]
[EventDate "2016.05.14"]

1. e4 e5 2. Nf3 Nc6 3. Bb5 Nf6 4. O-O Nxe4 5. d4 Nd6 6. Bxc6 bxc6 7. dxe5 Nb7
8. Nc3 Be7 9. Be3 O-O 10. Ne4 d6 11. exd6 cxd6 12. Qe2 Bf5 13. Ng3 Bg6 14. Nd4
Qc7 15. f4 h6 16. f5 Bh7 17. f6 Bxf6 18. Rxf6 gxf6 19. Bxh6 Rfe8 20. Qg4+ Bg6
21. Nh5 Kh7 22. Bg7 Re5 23. Nf5 Rxf5 24. Nxf6+ Rxf6 0-1

[Event "ODJM A 2016"]
[Site "Willingen GER"]
[Date "2016.05.16"]
[Round "3"]
[White "Nguyen, Ha Thanh"]
[Black "Schmidt, Daniel"]
[Result "0-1"]
[Termination "normal"]
[Board "35"]
[WhiteElo "1704"]
[BlackElo "1861"]
[PlyCount "82"]
[WhiteFideId "12942154"]
[BlackFideId "12957950"]
[EventCountry "GER"]
[EventRounds "9"]
[EventType "swiss"]
[EventDate "2016.05.14"]

1. e4 c5 2. Nf3 d6 3. d4 cxd4 4. Nxd4 Nf6 5. Nc3 a6 6. f3 e5 7. Nb3 Be6 8. Be3
Be7 9. Qd2 O-O 10. O-O-O Qc7 11. g4 Rc8 12. Kb1 b5 13. h4 b4 14. Nd5 Bxd5 15.
exd5 a5 16. h5 a4 17. Nc1 a3 18. bxa3 Rxa3 19. Rh2 Nxd5 20. Qxd5 Rxe3 21. Bd3
Qc6 22. Bxh7+ Kxh7 23. Qxf7 Qe8 24. Qf5+ Kh8 25. h6 g6 26. Qe6 Rxf3 27. h7 Rf6
28. Qb3 Nc6 29. Rdh1 Qf7 30. Qd3 Nd4 31. Qa6 Rf8 32. Qd3 d5 33. Qg3 Nf3 34. Re2
e4 35. Nb3 Bd6 36. Qg2 Be5 37. Qh3 Nd4 38. Ree1 Qc7 39. Nxd4 Bxd4 40. Qb3 Qc3
41. Rd1 Qa1# 0-1

[Event "ODJM A 2016"]
[Site "Willingen GER"]
[Date "2016.05.16"]
[Round "3"]
[White "Zeuner, Ole"]
[Black "Weinkauf, Viktor"]
[Result "1-0"]
[Termination "normal"]
[Board "36"]
[WhiteElo "1567"]
[BlackElo "1847"]
[PlyCount "81"]
[WhiteFideId "12943576"]
[BlackFideId "1272036"]
[EventCountry "GER"]
[EventRounds "9"]
[EventType "swiss"]
[EventDate "2016.05.14"]

1. e4 e5 2. Nf3 Nf6 3. Nc3 Bb4 4. d3 d5 5. exd5 Nxd5 6. Bd2 Nc6 7. Nxd5 Bxd2+
8. Qxd2 Qxd5 9. Be2 Bf5 10. O-O O-O-O 11. c4 Qd6 12. Qc3 Nd4 13. Nxd4 Qxd4 14.
Qa3 Bxd3 15. Bxd3 Qxd3 16. Qxa7 Qxc4 17. Qa8+ Kd7 18. Qxb7 Rb8 19. Qa7 Rxb2 20.
Rac1 Rxa2 21. Qb7 Rc2 22. Rfd1+ Ke6 23. Rxc2 Qxc2 24. Qd5+ Kf6 25. g4 Qe2 26.
Qc6+ Kg5 27. Qc1+ Kxg4 28. Re1 Qf3 29. Qxc7 e4 30. h3+ Kh5 31. Qe5+ Kg6 32.
Rxe4 Qxh3 33. Re3 Qh4 34. Rg3+ Kh6 35. Qxg7+ Kh5 36. Qxf7+ Kh6 37. Qg7+ Kh5 38.
Qxh8 Qe4 39. Rh3+ Kg5 40. Qg7+ Kf5 41. Qxh7+ 1-0

[Event "ODJM A 2016"]
[Site "Willingen GER"]
[Date "2016.05.16"]
[Round "3"]
[White "Schilay, Lorenz"]
[Black "Kublanov, Carolin"]
[Result "1-0"]
[Termination "normal"]
[Board "38"]
[WhiteElo "1762"]
[BlackElo "1541"]
[PlyCount "113"]
[WhiteFideId "12930180"]
[BlackFideId "12944548"]
[EventCountry "GER"]
[EventRounds "9"]
[EventType "swiss"]
[EventDate "2016.05.14"]

1. e4 e6 2. d4 d5 3. Nc3 Bb4 4. Nge2 dxe4 5. a3 Bxc3+ 6. Nxc3 Nc6 7. Bb5 Bd7 8.
Nxe4 a6 9. Be2 Nge7 10. Bg5 O-O 11. Qd3 f5 12. Nc5 Bc8 13. O-O-O b6 14. Nb3 Bb7
15. Bf3 Rb8 16. Qc4 Qd6 17. Bxe7 Nxe7 18. Bxb7 b5 19. Qe2 Rxb7 20. Nc5 Rb6 21.
g3 Nd5 22. Rhe1 Re8 23. Qf3 Nf6 24. Re5 Nd7 25. Nxd7 Qxd7 26. Qb3 Rd6 27. d5 c6
28. Rxf5 exd5 29. Qf3 Rde6 30. b3 R6e7 31. Rd4 Rf7 32. Rdf4 Rxf5 33. Rxf5 Qe7
34. Kb2 Rf8 35. Rxf8+ Qxf8 36. Qxf8+ Kxf8 37. Kc3 Ke7 38. Kd4 Kd6 39. b4 c5+
40. bxc5+ Kc6 41. c3 a5 42. f4 b4 43. cxb4 a4 44. g4 h6 45. h4 g6 46. h5 gxh5
47. gxh5 Kb5 48. Kxd5 Ka6 49. c6 Kb6 50. Kd6 Ka6 51. c7 Ka7 52. c8=Q Kb6 53.
Qc6+ Ka7 54. Kc5 Kb8 55. Qd7 Ka8 56. Kb6 Kb8 57. Qe8# 1-0

[Event "ODJM A 2016"]
[Site "Willingen GER"]
[Date "2016.05.16"]
[Round "3"]
[White "Fromm, Johannes"]
[Black "Kappelmann, Florian"]
[Result "0-1"]
[Termination "normal"]
[Board "39"]
[WhiteElo "1467"]
[BlackElo "1643"]
[PlyCount "64"]
[WhiteFideId "12993204"]
[BlackFideId "12973165"]
[EventCountry "GER"]
[EventRounds "9"]
[EventType "swiss"]
[EventDate "2016.05.14"]

1. e4 c6 2. d4 d5 3. f3 e6 4. Nc3 Bb4 5. Qd3 Nd7 6. Bf4 Ne7 7. Nge2 a6 8. g4
Ng6 9. Bg3 Nh4 10. O-O-O b5 11. f4 h6 12. Kb1 Nb6 13. f5 Be7 14. Bh3 b4 15. Nf4
bxc3 16. fxe6 Bxe6 17. Nxe6 fxe6 18. exd5 cxd5 19. Bxh4 Bxh4 20. Qg6+ Kd7 21.
g5 Qe8 22. Qxg7+ Qe7 23. gxh6 Qxg7 24. hxg7 Rhg8 25. Rhg1 Nc4 26. bxc3 Rab8+
27. Ka1 Na3 28. Rd2 Bg5 29. Re2 Rxg7 30. Bxe6+ Kd6 31. Bf5 Re7 32. Reg2 Reb7
0-1

[Event "ODJM A 2016"]
[Site "Willingen GER"]
[Date "2016.05.16"]
[Round "3"]
[White "Bangert, Benjamin"]
[Black "Hauk, Viktoria"]
[Result "0-1"]
[Termination "normal"]
[Board "40"]
[WhiteElo "1776"]
[BlackElo "1489"]
[PlyCount "52"]
[WhiteFideId "24692654"]
[BlackFideId "12929093"]
[EventCountry "GER"]
[EventRounds "9"]
[EventType "swiss"]
[EventDate "2016.05.14"]

1. c4 c5 2. Nf3 Nf6 3. Nc3 Nc6 4. d4 cxd4 5. Nxd4 g6 6. e4 d6 7. Be2 Bg7 8. Be3
O-O 9. O-O Bd7 10. Rc1 Rc8 11. f3 a6 12. Nb3 Be6 13. Na4 Nd7 14. Qd2 Nce5 15.
Nd4 Nxc4 16. Nxe6 Nxd2 17. Nxd8 Nxf1 18. Rxc8 Nxe3 19. Rc7 Rxd8 20. Rxb7 Nc5
21. Nxc5 dxc5 22. Kf2 Nc2 23. Bxa6 Nb4 24. Bc4 e6 25. Ke2 Bxb2 26. f4 Rd4 0-1

[Event "ODJM A 2016"]
[Site "Willingen GER"]
[Date "2016.05.16"]
[Round "3"]
[White "Balazs, Balint"]
[Black "Bilau, Max"]
[Result "1-0"]
[Termination "normal"]
[Board "41"]
[WhiteElo "2145"]
[BlackElo "1645"]
[PlyCount "63"]
[WhiteFideId "12922757"]
[BlackFideId "12974838"]
[EventCountry "GER"]
[EventRounds "9"]
[EventType "swiss"]
[EventDate "2016.05.14"]

1. d4 e6 2. Nf3 c5 3. c4 cxd4 4. Nxd4 Nf6 5. Nc3 Nc6 6. Ndb5 d6 7. e4 a6 8. Nd4
Nxd4 9. Qxd4 e5 10. Qd3 h6 11. Be2 Be6 12. O-O Qc7 13. b3 Nd7 14. Nd5 Bxd5 15.
exd5 Be7 16. Qg3 g6 17. f4 O-O-O 18. Bb2 exf4 19. Rxf4 Rh7 20. Raf1 Rf8 21. Re4
Nc5 22. Rg4 h5 23. Rgf4 g5 24. Rf5 g4 25. Rxh5 Rxh5 26. Qxg4+ Kb8 27. Qxh5 Qd8
28. Rxf7 Rxf7 29. Qxf7 Bg5 30. Bd4 Qa5 31. Qg8+ Bd8 32. b4 1-0

[Event "ODJM A 2016"]
[Site "Willingen GER"]
[Date "2016.05.16"]
[Round "3"]
[White "Ortmeier, Leonhard"]
[Black "Usczeck, Alina"]
[Result "1-0"]
[Termination "normal"]
[Board "42"]
[WhiteElo "1896"]
[BlackElo "1655"]
[PlyCount "79"]
[WhiteFideId "12993662"]
[BlackFideId "12938114"]
[EventCountry "GER"]
[EventRounds "9"]
[EventType "swiss"]
[EventDate "2016.05.14"]

1. e4 c6 2. d4 d5 3. e5 c5 4. dxc5 Nc6 5. Nf3 Bg4 6. Be2 e6 7. Bf4 Bxc5 8. O-O
Nge7 9. Nbd2 O-O 10. h3 Bxf3 11. Nxf3 Ng6 12. Bg3 Qc7 13. Bd3 Nb4 14. h4 Nxd3
15. Qxd3 h6 16. Bh2 Be7 17. h5 Nh4 18. Nd2 Bc5 19. g3 Nf5 20. g4 Ne7 21. Nf3
Qb6 22. a3 a5 23. g5 Nf5 24. gxh6 gxh6 25. Bf4 Kg7 26. Kh2 Bxf2 27. Qe2 Bc5 28.
Qg2+ Kh7 29. Qh3 Rg8 30. Nh4 Nxh4 31. Qxh4 Qc7 32. Qf6 Rg6 33. hxg6+ fxg6 34.
Rf3 Rf8 35. Qxe6 g5 36. Rh3 Qg7 37. Bg3 g4 38. Rh5 d4 39. Rf5 Rg8 40. Rf7 1-0

[Event "ODJM A 2016"]
[Site "Willingen GER"]
[Date "2016.05.16"]
[Round "3"]
[White "Grunert, Friedrich"]
[Black "Thumm, Niklas"]
[Result "1-0"]
[Termination "normal"]
[Board "43"]
[WhiteElo "1694"]
[BlackElo "1788"]
[PlyCount "67"]
[WhiteFideId "12995592"]
[BlackFideId "12918733"]
[EventCountry "GER"]
[EventRounds "9"]
[EventType "swiss"]
[EventDate "2016.05.14"]

1. e4 a6 2. d4 b5 3. Nf3 Bb7 4. Bd3 e6 5. O-O c5 6. c3 d5 7. e5 Nc6 8. Re1 cxd4
9. cxd4 Rc8 10. Nc3 h6 11. a3 Be7 12. Ne2 g5 13. Ng3 h5 14. Nd2 Nxd4 15. Nxh5
Qc7 16. g4 f6 17. Nf1 fxe5 18. Be3 Nc6 19. Bg6+ Kd7 20. Qd2 Qd8 21. Rad1 Kc7
22. Bf7 Kd6 23. Ng7 Rh6 24. Bxe6 Kc7 25. Bxc8 Qxc8 26. Qe2 d4 27. Nf5 Rh3 28.
Nxe7 Ncxe7 29. Bxg5 Qd7 30. Qxe5+ Kc8 31. Rc1+ Bc6 32. Rxc6+ Nxc6 33. Qe8+ Kc7
34. Bf4+ 1-0

[Event "ODJM A 2016"]
[Site "Willingen GER"]
[Date "2016.05.16"]
[Round "3"]
[White "Wastian, Jan"]
[Black "Rose, Luis Stratos"]
[Result "1-0"]
[Termination "normal"]
[Board "44"]
[WhiteElo "1798"]
[BlackElo "1385"]
[PlyCount "85"]
[WhiteFideId "12911640"]
[BlackFideId "12976008"]
[EventCountry "GER"]
[EventRounds "9"]
[EventType "swiss"]
[EventDate "2016.05.14"]

1. e4 g6 2. d4 Bg7 3. Nc3 d6 4. Be3 Nf6 5. Qd2 a6 6. Bh6 O-O 7. Bxg7 Kxg7 8. f4
b5 9. Bd3 Bb7 10. e5 Nfd7 11. O-O-O c5 12. Be4 Bxe4 13. Nxe4 Qc7 14. Nf3 dxe5
15. dxe5 Qc6 16. Rhe1 Nb6 17. Qf2 c4 18. Qg3 b4 19. c3 Qa4 20. Kb1 Nc6 21. Nd4
Nxd4 22. Rxd4 Rad8 23. Qe3 a5 24. Red1 Rxd4 25. Qxd4 Qc6 26. g4 Na4 27. f5 bxc3
28. f6+ exf6 29. exf6+ Kh8 30. Nxc3 Nxc3+ 31. bxc3 h6 32. Ka1 Rb8 33. Qf4 Kh7
34. Qxb8 Qxf6 35. Qg3 Qe6 36. Qf3 Kg7 37. h3 a4 38. Qd5 Qe2 39. Qd4+ Kh7 40. a3
Qc2 41. Rf1 f5 42. Re1 h5 43. g5 1-0

[Event "ODJM A 2016"]
[Site "Willingen GER"]
[Date "2016.05.16"]
[Round "3"]
[White "Petersen, Finn Christopher"]
[Black "Gallasch, Robin"]
[Result "1/2-1/2"]
[Termination "normal"]
[Board "45"]
[WhiteElo "1675"]
[BlackElo "1604"]
[PlyCount "77"]
[WhiteFideId "12964840"]
[BlackFideId "16222423"]
[EventCountry "GER"]
[EventRounds "9"]
[EventType "swiss"]
[EventDate "2016.05.14"]

1. e4 c6 2. d4 d5 3. e5 c5 4. c3 Nc6 5. f4 cxd4 6. cxd4 Bf5 7. Nf3 e6 8. Nc3
Bg4 9. Bb5 Bxf3 10. Qxf3 Nge7 11. Bd2 a6 12. Bxc6+ Nxc6 13. Ne2 Qb6 14. Bc3 Bb4
15. O-O O-O 16. Qd3 Be7 17. Rf3 f6 18. Rh3 g6 19. Qe3 f5 20. Kh1 Qd8 21. Rg1 b5
22. Qf3 Qe8 23. g4 Qf7 24. Rgg3 Rac8 25. Rh6 fxg4 26. Qxg4 Qf5 27. Qf3 b4 28.
Be1 Na5 29. Rgh3 Rf7 30. Qg3 Rc2 31. Ng1 Rxb2 32. Nf3 Kh8 33. Nh4 Bxh4 34.
R6xh4 Qe4+ 35. Kg1 Qxd4+ 36. Kf1 Nc4 37. Rxh7+ Rxh7 38. Rxh7+ Kxh7 39. Qh4+
1/2-1/2